000 01108nam0a22003011 4500
001 RU\NLR\INFOCOMM_195\5000063693
005 20250613094924.0
035 _a(NLR Aleph) 009281684
090 _a9165247
_c9165247
100 _a20100916d1960 |||y0rusy50 ca
101 0 _aeng
102 _aRU
105 _ay ||||000|y
200 1 _aMaterials on control of live poliovirus vaccine in tissue cultures during manufacture
_f[By] S. G. Dzagurov, G. A. Shmeleva ...
210 _a[Μ.
_d1960]
215 _a20 с.
_d28 см
225 1 _aIVth Scientific conference and International symposium on live poliovirus vaccine. Moscow, May 17-20, 1960
_fAcad. of med. sciences of the USSR. Inst. for poliomyelitis research
_v[31]
309 _aЛитогр.
606 _aПротивополиомиэлитные вакцины
_2nlr_sh1
686 _aМк-252
_2rubbk
700 1 _aDzagurov
_bS. G.
_4070
701 1 _9z01790
_aŠmeleva
_bG. A.
_4070
790 1 _9z01701
_aShmeleva
_bG. A.
_4070
801 1 _aRU
_bNLR
_c20100916
801 0 _aRU
_bNLR
_gPSBO
852 _aNLR
_jМк01 Г-8/38
942 _cBOOK
980 _aNB